000 00951nam a22003258i 4500
999 _c1511
_d1511
001 022296673
003 UkOxU
005 20230104154417.0
008 200217s2020 enk 000|0|eng|d
015 _aGBC026350
_2bnb
016 7 _a019717747
_2Uk
020 _a9781382005234
035 _a(Uk)019717747
035 _a(StEdALDL)1/3915698
040 _aStDuBDS
_beng
_erda
_cStDuBDS
_dUkOxU
_dKH8
049 _aCROBAR
082 0 4 _a570 FOW
_223
100 1 _aFowler, Stephanie,
_eauthor.
245 1 0 _aCambridge International AS & A level :
_bcomplete biology /
_cStephanie Fowler [and five others].
246 3 0 _aComplete biology
250 _a3rd ed.
264 1 _aOxford :
_bOxford University Press,
_c2020.
300 _a489 p. ;
_bcol. ill. :
_c28 cm.
336 _atext
_2rdacontent
337 _aunmediated
_2rdamedia
338 _avolume
_2rdacarrier
500 _aIncludes Internet access.
650 0 _aBiology.
942 _2ddc
_cTR